000 00462 a2200157 4500
005 20250716174312.0
008 250716b |||||||| |||| 00| 0 eng d
020 _a9789355516725
041 _aEnglish
100 _aGupta D.
245 _aThe Potential Of Generative AI
_b : Transforming Technology, Business And Art Through Innovative AI Applications
260 _bBPB Publications
_c2024
300 _a308
700 _aSrivastava A.
_9109521
942 _cBK
999 _c365440
_d365440